[Event "CIF CP email"]
[Site "CServe email"]
[Date "1998.??.??"]
[Round "?"]
[White "Ruether, Rudolf"]
[Black "Kuhne, Ralf"]
[Result "0-1"]
[WhiteElo "2330"]
[BlackElo "2320"]
[PlyCount "52"]
[EventDate "1998.??.??"]
[EventType "tourn (corr)"]
[EventRounds "10"]
[SourceTitle "Corr 2002"]
[Source "ChessBase"]
[SourceDate "2002.05.23"]
[SourceVersion "1"]
[SourceVersionDate "2002.05.23"]
[SourceQuality "1"]

1. d4 e6 2. c4 b6 3. Nf3 Bb7 4. e3 Nf6 5. Bd3 c5 6. 0-0 cxd4 7. exd4 d5 8. b3 Nc6 9. Bb2 dxc4 10. bxc4 Bd6 11. Nc3 0-0 12. Rc1 Rc8 13. Re1 Nb4 14. Bf1 Ng4 15. h3 Bxf3 16. Qxf3 Nh2 17. Qe2 Nxf1 18. Kxf1 Re8 19. g3 Qd7 20. Ne4 Be7 21. a3 Nc6 22. f4 e5 23. d5 Na5 24. Kg2 exf4 25. Qd3 f5 26. Nd2 Bd6 0-1